000 00382 a2200169 4500
001 190675
020 _a970-85-01-07835-3
040 _cMagnum
100 _aCornwell, Bernard
240 1 0 _aA devastação de sharpe
_lpor
245 1 0 _aA devastação de sharpe
300 _a349
362 0 _a2008
440 1 _aRecord
697 _aLITERATURA GERAL ESTRANGEIRA
942 _cBK
999 _c190675
_d190675